000 00203nam a22000977a 4500
003 SGT
245 _aJOURNAL OF INDIAN HIGHWAYS
260 _bIndian Roads Congress
_c2019
300 _a200
942 _2ddc
_cBV
999 _c29053
_d29053